A common arrangement for specifications and quantities, stage 1 a study for the Co-ordinating Committee for Project Management (Record no. 92399)
[ view plain ]
| 000 -LEADER | |
|---|---|
| fixed length control field | 00557cam a2200205 4500 |
| 001 - CONTROL NUMBER | |
| control field | D889 |
| 008 - FIXED-LENGTH DATA ELEMENTS--GENERAL INFORMATION | |
| fixed length control field | 090401t1982 xxu||||| |||| 00| 0 eng d |
| 035 ## - SYSTEM CONTROL NUMBER | |
| System control number | (Sirsi) u48744 |
| 041 ## - LANGUAGE CODE | |
| Language code of text/sound track or separate title | eng |
| 050 ## - LIBRARY OF CONGRESS CALL NUMBER | |
| Classification number | 692.3 |
| 100 ## - MAIN ENTRY--PERSONAL NAME | |
| Personal name | Allott, Tony |
| 245 #2 - TITLE STATEMENT | |
| Title | A common arrangement for specifications and quantities, stage 1 a study for the Co-ordinating Committee for Project Management |
| 260 ## - PUBLICATION, DISTRIBUTION, ETC. | |
| Place of publication, distribution, etc. | London |
| Name of publisher, distributor, etc. | RICS |
| Date of publication, distribution, etc. | 1982 |
| 300 ## - PHYSICAL DESCRIPTION | |
| Extent | 119p. 30cm |
| 350 ## - PRICE (NR) (BK AM CF MU VM SE) [OBSOLETE] | |
| Price | 0 |
| 700 ## - ADDED ENTRY--PERSONAL NAME | |
| Personal name | Azzaro, David |
| 700 ## - ADDED ENTRY--PERSONAL NAME | |
| Personal name | Vincent, Gordon |
| 942 ## - ADDED ENTRY ELEMENTS (KOHA) | |
| Suppress in OPAC | 0 |
| 948 ## - LOCAL PROCESSING INFORMATION (OCLC); SERIES PART DESIGNATOR (RLIN) | |
| c (OCLC) | 04/03/1997 |
| Withdrawn status | Lost status | Source of classification or shelving scheme | Damaged status | Not for loan | Home library | Current library | Shelving location | Date acquired | Total Checkouts | Full call number | Barcode | Date last seen | Date last checked out | Copy number | Price effective from | Koha item type |
|---|---|---|---|---|---|---|---|---|---|---|---|---|---|---|---|---|
| Dewey Decimal Classification | London | London | Folio | 14/09/1999 | 5 | F692.3 | 30018260 | 06/08/2019 | 13/12/2004 | 2 | 06/08/2019 | Book |